Žmurkajúce kamery namiesto predavačov
Výhody kamerových systémov pri redukcii a postihovaní krádeží. Kamerové systémy CCTV (uzavreté televízne okruhy s kamerovými systémami). Psychologicko-preventívny účinok kamier v predajniach. Široký sortiment kamerových systémov ponúkaných rôznymi firmami. Druhy kamerových systémov a kritériá ich po...
Enregistré dans:
| Auteur principal: | |
|---|---|
| Format: | Chapitre de livre |
| Langue: | slovaque |
| Sujets: | |
| Tags: |
Pas de tags, Soyez le premier à ajouter un tag!
|
MARC
| LEADER | 00000naa a2200000 4500 | ||
|---|---|---|---|
| 001 | r032950 | ||
| 005 | 20230929112517.7 | ||
| 041 | 0 | |a slo | |
| 044 | |a SK | ||
| 245 | 1 | 0 | |a Žmurkajúce kamery namiesto predavačov |c Eva Krajmerová |
| 520 | |a Výhody kamerových systémov pri redukcii a postihovaní krádeží. Kamerové systémy CCTV (uzavreté televízne okruhy s kamerovými systémami). Psychologicko-preventívny účinok kamier v predajniach. Široký sortiment kamerových systémov ponúkaných rôznymi firmami. Druhy kamerových systémov a kritériá ich použiteľnosti v konkrétnej predajni. Videotelefóny na overovanie totožnosti osôb pred vstupom do objektu. | ||
| 610 | 2 | 0 | |a technika audiovizuálna |
| 610 | 2 | 0 | |a technológie obrazové |
| 610 | 2 | 0 | |a ochrana tovaru elektronická |
| 610 | 2 | 0 | |a predajne |
| 610 | 2 | 0 | |a prevencia |
| 610 | 2 | 0 | |a krádeže |
| 100 | 1 | |a Krajmerová, Eva | |